000 00643nam a2200193Ia 4500
008 151121s9999||||xx |||||||||||||| ||und||
082 _a813/ज्ञाते
082 _bHNW-74158
100 _a ज्ञाते कृष्णचंद्र
245 _aप्रतिदिन
260 _b"निर्मल प्रकाशन, नांदेड।"
260 _c--
300 _a144
600 _a ज्ञाते कृष्णचंद्र
630 _aप्रतिदिन
700 _a ज्ञाते कृष्णचंद्र
730 _aप्रतिदिन
942 _cBOOK
999 _c1255612
_d1255609